La imagen de la vida humana /

El autor analiza la justificación y la función social que desempeña la imaginación y la ficción en la realidad de la vida de las personas, ambas elementos imprescindibles del ser humano.

Gardado en:
Detalles Bibliográficos
Autor Principal: Marías, Julián (autor)
Formato: Libro
Idioma:Lingua castelá
Publicado: Buenos Aires, Argentina : Emecé, 1955, c1955
Series:(Cuadernos de Ensayos ; 22)
Temas:
Etiquetas: Engadir etiqueta
Sen Etiquetas, Sexa o primeiro en etiquetar este rexistro!

MARC

LEADER 00000nam^a2200000^a^4500
001 000419579
005 20250526000000.0
009 20260310122447.405
037 |a Acervo ITESO - Biblioteca 
041 |a ESP 
082 |a 128. 3  |b MAR 
100 |a Marías, Julián  |e (autor) 
240 1 4 |a [La imagen de la vida humana] 
245 1 3 |a La imagen de la vida humana /  |c J. Marías. 
264 4 |a Buenos Aires, Argentina :  |b Emecé,  |c 1955, c1955 
300 |a 85 p. ;  |c 20.5 cm. 
336 |a texto  |b txt  |2 rdacontenido 
337 |a sin mediación  |b n  |2 rdamedio 
338 |a volumen  |b nc  |2 rdasoporte 
440 1 |a (Cuadernos de Ensayos ;  |v 22) 
520 |a El autor analiza la justificación y la función social que desempeña la imaginación y la ficción en la realidad de la vida de las personas, ambas elementos imprescindibles del ser humano. 
649 |a XX 
650 |a Vida Humana -  |x Filosofía -  |x Tema Principal 
650 |a Imaginación -  |x Filosofía -  |x Tema Principal 
650 |a Ficción (Narrativa) -  |x Filosofía -  |x Tema Principal 
650 |a Estética 
650 |a Arte y Sociedad 
650 |a Filosofía Española -  |y Siglo XX 
650 |a Filosofía 
910 |a Fondo Alfonso de Alba Martín 
920 |a Impresos - Libros 
930 |a Libros Antiguos y Raros 
905 |a 125 
901 |a 0500338884  |b IT2  |c LRA  |i D99100  |u 20250526 
902 |a https://opac.biblio.iteso.mx/vufind/Record/000419579